Language-II English: (Record no. 183264)

MARC details
000 -LEADER
fixed length control field 00700 a2200193 4500
005 - DATE AND TIME OF LATEST TRANSACTION
control field 20220124110759.0
010 ## - LCCN (DPL NO)
LC control number ENG-130470
020 ## - INTERNATIONAL STANDARD BOOK NUMBER
International Standard Book Number 978-93-89811-64-3
Terms of availability 175.00
035 ## - SYSTEM CONTROL NUMBER
System control number EN-114002
037 ## - SOURCE OF ACQUISITION
Source of stock number/acquisition DBAD/PUB
082 ## - DEWEY DECIMAL CLASSIFICATION NUMBER
Classification number 485
Item number 1
100 ## - MAIN ENTRY--PERSONAL NAME
Personal name Prakash, Om
245 ## - TITLE STATEMENT
Title Language-II English:
Remainder of title Full coverage of English Grammar/
Statement of responsibility, etc Om Prakash and Gyan Singh
260 ## - PUBLICATION, DISTRIBUTION, ETC. (IMPRINT)
Place of publication, distribution, etc Tamill Nadu
Name of publisher, distributor, etc McGraw Hill Education Private Limited
Date of publication, distribution, etc 2021
270 ## - ADDRESS
Address 444/1, Sri Ekambara Naicker Industrial Estate, Alapakkam, Porur
City Chennai
Postal code 600116
300 ## - PHYSICAL DESCRIPTION
Extent 208p.
Dimensions 22cm (pbk)
490 ## - SERIES STATEMENT
Series statement includes Latest Question Paper and Full-Length Mock Test Papers
942 ## - ADDED ENTRY ELEMENTS (KOHA)
Institution code [OBSOLETE] dpl
Item type English Books
Source of classification or shelving scheme Dewey Decimal Classification
Classification part 485
Call number suffix PRA
Holdings
Withdrawn status Lost status Not for loan Collection code Home library Current library Date acquired Source of acquisition Cost, normal purchase price Full call number Barcode Copy number Cost, replacement price Koha item type
      Non-fiction Patel Nagar Patel Nagar 21/12/2021 DBAD/PUB 175.00 485 PRA EN-114002 1 175.00 English Books

© Delhi Public Library
Hit Counter
free hit counter